[Event "Janske Lazne op-B"]
[Site "Janske Lazne"]
[Date "2006.05.04"]
[Round "3"]
[White "Jungwirth, Stanislav"]
[Black "Charvat, Vaclav"]
[Result "0-1"]
[WhiteElo "1674"]
[BlackElo "1568"]
[PlyCount "86"]
[EventDate "2006.??.??"]
[EventType "swiss"]
[EventRounds "9"]
[EventCountry "CZE"]
[SourceTitle "EXT 2008"]
[Source "ChessBase"]
[SourceDate "2007.11.25"]
[SourceVersion "1"]
[SourceVersionDate "2007.11.25"]
[SourceQuality "1"]

1. f4 d5 2. Nf3 Nf6 3. e3 e6 4. b3 c5 5. Bb2 Be7 6. Bd3 Nc6 7. 0-0 a6 8. Be2 0-0 9. d3 b6 10. Nbd2 Ng4 11. Qc1 Nxe3 12. Re1 Nb4 13. Bd1 Nf5 14. Ne5 Qc7 15. Ndf3 Bb7 16. a3 Nc6 17. Rf1 d4 18. Qd2 Ne3 19. Rf2 Rad8 20. Bc1 f6 21. Nxc6 Bxc6 22. g3 e5 23. fxe5 fxe5 24. Qe2 Bxf3 25. Rxf3 Bg5 26. Bxe3 Bxe3+ 27. Kg2 Qb7 28. h3 Rf7 29. c4 Rdf8 30. Ra2 Rxf3 31. Qxf3 Rxf3 32. Bxf3 Qe7 33. Ra1 Qg5 34. Rf1 Bf4 35. Bd5+ Kf8 36. Rf3 Ke7 37. Be4 Bc1 38. a4 Qd2+ 39. Rf2 Qd1 40. Rf1 Qxb3 41. Bxh7 Be3 42. h4 Qxa4 43. Bg6 Qc6+ 0-1